000 00538nam a2200205 a 4500
001 19379
003 CO-ViMGA
008 141112s2004 ck r 000 u spa d
020 _a8426102743
040 _aCO-ViMGA
_bspa
_cCO-ViMGA
082 0 4 _aHERor
100 1 _aHerge,
_927861
245 1 0 _aLa oreja rota
260 _aBarcelona :
_bEd. Juventud; 2002
300 _a62 p.
490 _aLas Aventuras de Tintin
650 1 4 _aCUENTOS INFANTILES DE AVENTURAS
_927862
650 1 4 _aTIRAS COMICAS - HISTORIETAS
_927863
942 _2ddc
_cBK
999 _c28531
_d28531